000 01177nam a2200289 i 4500
001 133841
003 ES-MaACL
005 20250816050200.0
007 t|
008 070831s1954 fr ||||1| fre d
080 _a73.032.6
080 _a75.032.6
100 1 _aWinckelmann, Johann Joachim.
_9117058
245 1 0 _aRéflexions sur l'imitation des ouvres grecques en peinture et en sculpture
_b: = Gedanken über die Nachahmung der griechischen Werke in der Malerei und bildhauerkunst /
_cJ.-J. Winckelmann ; [traduction, introduction et notes Léon Mis].
260 _aParis :
_bMontaigne,
_c[1954]
300 _a211 p. ;
_c19 cm.
490 1 _aLittératue allemande. Collection Bilingue
500 _aBiblioteca Jacinto Martínez Lacalle.
500 _aTexto en alemán y francés.
650 1 7 _aPintura griega
_2embne
_916054
650 1 7 _aEscultura griega
_2embne
_912443
700 1 _aMis, Léon.
_981637
740 0 _aGedanken über die Nachahmung der griechischen Werke in der Malerei und Bildhauerkunst.
830 0 _aLittératue allemande. Collection Bilingue
_9219792
852 _aES-MaACL
_jE-12093
_bR.140033
999 _c133841
_d133841